Normal view
MARC view
- Naveen k.singh
Entry Personal Name
001 - CONTROL NUMBER
- control field: 5428
003 - CONTROL NUMBER IDENTIFIER
- control field: OSt
005 - DATE AND TIME OF LATEST TRANSACTION
- control field: 20230506144516.0
008 - FIXED-LENGTH DATA ELEMENTS
- fixed length control field: 230506|| aca||aabn | a|a d
040 ## - CATALOGING SOURCE
- Original cataloging agency: OSt
- Transcribing agency: OSt
100 ## - HEADING--PERSONAL NAME
- Personal name: Naveen k.singh
670 ## - SOURCE DATA FOUND
- Source citation: Work cat.: (OSt)17667: Naveen k.singh, Dairy technology application, 2023
